LIBRARY ONLINE CATALOGUE

Consistently opposing killing : (Record no. 9673)

MARC details
000 -LEADER
fixed length control field 00748nam a22002172 4500
001 - CONTROL NUMBER
control field 0000021427
005 - DATE AND TIME OF LATEST TRANSACTION
control field 20151217152231.0
008 - FIXED-LENGTH DATA ELEMENTS--GENERAL INFORMATION
fixed length control field 120507s xx 000 0 eng d
020 ## - INTERNATIONAL STANDARD BOOK NUMBER
International Standard Book Number 1450254205 :
040 ## - CATALOGING SOURCE
Original cataloging agency KABU
Transcribing agency KABU
245 10 - TITLE STATEMENT
Title Consistently opposing killing :
Remainder of title from abortion to assisted suicide, the death penalty, and war /
Statement of responsibility, etc. edited by Rachel M. MacNair & Stephen Zunes.
250 ## - EDITION STATEMENT
Edition statement 2nd ed.
260 ## - PUBLICATION, DISTRIBUTION, ETC. (IMPRINT)
Place of publication, distribution, etc. Bloomington, IN :
Name of publisher, distributor, etc. iUniverse,
Date of publication, distribution, etc. 2011.
300 ## - PHYSICAL DESCRIPTION
Extent 204 p.
650 #0 - SUBJECT ADDED ENTRY--TOPICAL TERM
Topical term or geographic name as entry element Violence
General subdivision Moral and ethical aspects.
-- 0000182275
650 #0 - SUBJECT ADDED ENTRY--TOPICAL TERM
Topical term or geographic name as entry element Life and death, Power over.
-- 0000182276
650 #0 - SUBJECT ADDED ENTRY--TOPICAL TERM
Topical term or geographic name as entry element Bioethics.
-- 0000178498
852 1# - LOCATION
-- p500 KES
908 ## - PUT COMMAND PARAMETER (RLIN)
Put command parameter 120507
950 ## - LOCAL HOLDINGS (RLIN)
-- 1
Holdings
Withdrawn status Lost status Source of classification or shelving scheme Not for loan Home library Current library Date acquired Total Checkouts Full call number Barcode Date last seen Price effective from Koha item type
    Library of Congress Classification   Kabarak, Main Campus Kabarak, Main Campus 17/12/2015   BJ1459.5 .C66 2011 c. 1 21292 02/08/2024 17/12/2015 General Collection